=LDR 00000nam 2200000 4500 =001 INLIS000000000021873 =005 20130612120704 =008 ***********************************Ind** =035 ##$$0010-061300000021873 =041 ##$$a Ind =082 ##$$a 425 =090 ##$$a 425, Fra m =100 ##$$a Frank, Marcella =245 ##$$a Modern english, Marcella Frank =260 ##$$a 1990 $b Jakarta =300 ##$$a ...Jild, 22 cm =650 ##$$a Bahasa Inggris - Tata Bahasa =850 ##$$a NBPNMAT